[Event "EU-Cup 39th"]
[Site "Vrnjacka Banja"]
[Date "2024.10.21"]
[Round "2.2"]
[White "Nesic, Vladimir"]
[Black "Bus, Tom"]
[Result "0-1"]
[WhiteElo "1970"]
[BlackElo "2097"]
[PlyCount "43"]
[EventDate "2024.10.20"]
[EventType "team-swiss"]
[EventRounds "7"]
[EventCountry "SRB"]
[SourceTitle "CB44_2024"]
[Source "Chessbase"]
[SourceDate "2024.10.30"]
[SourceVersion "1"]
[SourceVersionDate "2024.10.30"]
[SourceQuality "1"]
[WhiteTeam "Vrnjacka Banja"]
[BlackTeam "Muelheim Nord"]
[WhiteTeamCountry "SRB"]
[BlackTeamCountry "GER"]

1. e4 c5 2. Nf3 d6 3. d4 cxd4 4. Nxd4 Nf6 5. Nc3 Nc6 6. f3 e5 7. Nb3 Be7 8. Be3 0-0 9. Qd2 a5 10. a4 Nb4 11. 0-0-0 Be6 12. Qf2 Qc8 13. Kb1 d5 14. exd5 Nfxd5 15. Bd2 Nxc2 16. Nxd5 Bxd5 17. Na1 Nxa1 18. Kxa1 Qc2 19. Bb5 Qb3 20. Kb1 Rac8 21. Bc3 Qa2+ 22. Kc2 0-1

[Event "SRB-chT2 West"]
[Site "Kragujevac"]
[Date "2017.09.09"]
[Round "3"]
[White "Milentijevic, Vojislav"]
[Black "Nesic, Vladimir"]
[Result "1-0"]
[WhiteElo "1978"]
[BlackElo "2021"]
[PlyCount "49"]
[EventDate "2017.09.08"]
[EventType "team-tourn"]
[EventRounds "11"]
[EventCountry "SRB"]
[SourceTitle "EXT 2022"]
[Source "ChessBase"]
[SourceDate "2021.10.06"]
[SourceVersion "1"]
[SourceVersionDate "2021.10.06"]
[SourceQuality "1"]

1. e4 e5 2. Bc4 Bc5 3. d4 Bxd4 4. Nf3 Nc6 5. Nxd4 Nxd4 6. 0-0 Nf6 7. Bg5 h6 8. Bh4 g5 9. f4 gxf4 10. Rxf4 exf4 11. Qxd4 d5 12. Bxf6 Qd6 13. Bxh8 dxc4 14. Qxd6 cxd6 15. Nc3 Be6 16. Rf1 Kd7 17. Bd4 Kc6 18. Rxf4 b5 19. Rh4 a5 20. Rxh6 a4 21. a3 b4 22. axb4 a3 23. bxa3 Rxa3 24. b5+ Kb7 25. Rf6 1-0

[Event "SRB-chT2 West"]
[Site "Kragujevac"]
[Date "2017.09.09"]
[Round "2"]
[White "Nesic, Vladimir"]
[Black "Vizlina, Branisa"]
[Result "1-0"]
[WhiteElo "2021"]
[BlackElo "2068"]
[PlyCount "117"]
[EventDate "2017.09.08"]
[EventType "team-tourn"]
[EventRounds "11"]
[EventCountry "SRB"]
[SourceTitle "EXT 2022"]
[Source "ChessBase"]
[SourceDate "2021.10.06"]
[SourceVersion "1"]
[SourceVersionDate "2021.10.06"]
[SourceQuality "1"]

1. e4 Nc6 2. Nf3 d5 3. exd5 Qxd5 4. Nc3 Qa5 5. Be2 e5 6. h3 Nf6 7. d3 e4 8. dxe4 Nxe4 9. Bd2 Nxd2 10. Qxd2 Bb4 11. 0-0 Bxc3 12. bxc3 0-0 13. Rfb1 a6 14. Bd3 h6 15. Qe1 g6 16. a4 Qh5 17. Qe3 b6 18. Qf4 Ra7 19. Re1 Be6 20. Kh2 Kg7 21. Be4 Ne7 22. a5 Qc5 23. Qd2 Nf5 24. Nd4 Nd6 25. Nxe6+ fxe6 26. Bf3 Nc4 27. Qd7+ Rf7 28. Qxe6 Nxa5 29. Bd5 c6 30. Qe5+ Rf6 31. Qb8 Qd6+ 32. Qxd6 Rxd6 33. Bf3 Rd2 34. Re2 Rad7 35. Rae1 Rxe2 36. Rxe2 Kf6 37. Bg4 Re7 38. Rxe7 Kxe7 39. Bc8 b5 40. Bxa6 Kd8 41. Kg3 Nc4 42. Kf4 Kc7 43. h4 Nd6 44. Ke5 g5 45. hxg5 hxg5 46. f3 Nc4+ 47. Kf6 Ne3 48. g4 Nxc2 49. Kxg5 Ne3 50. f4 Kd7 51. f5 Ke7 52. Bb7 c5 53. Kf4 Nd1 54. g5 Nxc3 55. Ke5 b4 56. f6+ Kf7 57. Bc8 Nb5 58. Be6+ Kg6 59. Bf5+ 1-0